Complete the Scottish town name - Statistics

General Stats
  • This quiz has been taken 64 times
  • The average score is 7 of 18
Answer Stats
Hint Answer % Correct
Glen rothes
70%
Kil marnock
64%
Aber foyle
52%
H alkirk
50%
Strat haven
48%
Kin cardine
45%
Port William
43%
Car stairs
41%
West hill
39%
Moodies burn
34%
Inver lochy
32%
Loch carron
30%
Kirk liston
27%
Kinloch ewe
25%
Stone house
20%
F orfar
18%
Mel fort
9%
Fort rose
7%
No matching quizzes found
Score Distribution
Percent of People with Each Score
Percentile by Number Answered
Your Score History
You have not taken this quiz